Top 5 Countries that produce ... #10 (alcohol special) - Statistics

General Stats
  • This quiz has been taken 144 times
  • The average score is 27 of 30
Answer Stats
Answer % Correct
United Kingdom
100%
United Kingdom
100%
United States
99%
United States
99%
United States
99%
United States
99%
Italy
98%
Russia
98%
Spain
98%
Spain
98%
France
96%
France
96%
France
96%
France
96%
Germany
96%
Germany
96%
China
94%
Australia
92%
Brazil
92%
Japan
92%
Mexico
92%
Canada
86%
Ireland
85%
Poland
85%
India
79%
Netherlands
76%
Netherlands
76%
Sweden
73%
Dominican Republic
44%
Philippines
34%
No matching quizzes found
Score Distribution
Percent of People with Each Score
Percentile by Number Answered
Your Score History
You have not taken this quiz